Statistics for Brooklyn Nets Top 10 Leaders

Click here to take the quiz!

General Stats

  • This quiz has been taken 86 times
    (15 since last reset)
  • The average score is 10 of 27

Answer Stats

Answer % Correct
Brook Lopez
100%
Buck Williams
86%
Deron Williams
86%
Jayson Williams
86%
Jason Kidd
86%
Vince Carter
79%
George Johnson
79%
Richard Jefferson
71%
Julius Erving
64%
Derrick Coleman
29%
Kerry Kittles
29%
Devin Harris
21%
Spencer Dinwiddie
21%
Kenny Anderson
21%
Jason Collins
21%
John Williamson
14%
Eddie Jordan
14%
Kendall Gill
14%
Sam Bowie
7%
Micheal Ray Richardson
7%
Chris Morris
7%
Bill Melchionni
7%
Billy Paultz
0%
Brian Taylor
0%
Mike Gminski
0%
Chris Dudley
0%
Darwin Cook
0%

Score Distribution

Percentile by Number Answered

Percent of People with Each Score

Your Score History

You have not taken this quiz since the last reset